Liste des Pokémon de type Psy - Statistiques

Statistiques générales
  • Ce quiz a été pris 3 054 fois
    244 depuis la dernière actualisation
  • Le résultat moyen est 85 sur 111
Statistiques - réponses
Pokémon % Correct
Abra
99%
Alakazam / Méga-Alakazam
99%
Kadabra
99%
Mew
97%
Mewtwo / Méga-Mewtwo X / Méga-Mewtwo Y
97%
Gardevoir / Méga-Gardevoir
95%
Kirlia
95%
Gallame / Méga-Gallame
94%
Tarsal
94%
Arceus (Psy)
91%
Flagadoss / Flagadoss de Galar / Méga-Flagadoss
90%
Jirachi
90%
Goupelin / Méga-Goupelin
89%
Nucléos
89%
Roigada / Roigada de Galar
89%
Charmina / Méga-Charmina
88%
Ramoloss / Ramoloss de Galar
88%
Mentali
87%
Symbios
87%
Lunala
86%
Mesmérella
86%
Mistigrix / Méga-Mistigrix
86%
Psystigri
86%
Scrutella
86%
Sidérella
86%
Hypnomade
85%
Latias / Méga-Latias
85%
Latios / Méga-Latios
85%
Méditikka
85%
Méios
85%
Métalosse / Méga-Métalosse
85%
Silvallié (Type : Psy)
85%
Celebi
84%
Créfadet
84%
Créfollet
84%
Créhelf
84%
Lippoutou
84%
Métang
84%
Terhal
84%
M. Mime / M. Mime de Galar
83%
Soporifik
83%
Deoxys
82%
Natu
82%
Necrozma / Ultra-Necrozma
82%
Solgaleo
82%
Xatu
82%
Kaorine
81%
Lippouti
81%
Lugia
81%
Mime Jr.
81%
Girafarig
80%
Archéodong
79%
Archéomire
79%
Balbuto
79%
Cresselia
79%
Munna
79%
Mushana
79%
Sepiatroce / Méga-Sepiatroce
79%
Éoko / Méga-Éoko
78%
Séléroc
78%
Sepiatop
78%
Solaroc
78%
Zarbi
78%
Sorcilence
77%
Cléopsytra
76%
Bibichut
75%
Korillon
75%
M. Glaquette
75%
Hoopa
74%
Cryptéro
73%
Farigiraf
73%
Meloetta (Forme Chant)
73%
Noadkoko
73%
Staross / Méga-Staross
73%
Chapotus
72%
Lewsor
72%
Neitram
72%
Noeunoeuf
71%
Cosmog
69%
Astronelle
68%
Cosmovum
68%
Flotillon
68%
Groret
68%
Spoink
68%
Denticrisse
66%
Tokopiyon
66%
Okéoké
64%
Qulbutoké
64%
Wimessir
64%
Coléodôme
63%
Chovsourir
62%
Rhinolove
62%
Sylveroy
62%
Vert-de-Fer
62%
Victini
62%
Galopa de Galar
61%
Gouroutan
61%
Plumeline (Style Hula)
61%
Ponyta de Galar
61%
Chef-de-Fer
60%
Roc-de-Fer
58%
Bérasca
57%
Artikodin de Galar
55%
Délestin
55%
Fortusimia
55%
Raichu d'Alola
55%
Hurle-Queue
54%
Cerbyllin
53%
Darumacho (Mode Transe)
53%
Gueriaigle de Hisui
53%
Carmadura
49%
Aucun quiz correspondant
Distribution des résultats
% des personnes avec chaque résultat
Percentile par nombre de réponses
Votre historique - résultats
Vous n’avez pas pris ce quiz depuis la dernière actualisation